Оценка давления в ударных волнах, образующихся при промышленных взрывах; Безопасность жизнедеятельности; № 5

Bibliographische Detailangaben
Parent link:Безопасность жизнедеятельности: научно-практический и учебно-методический журнал.— , 2001-
№ 5.— 2004.— С. 24-26
Weitere Verfasser: Бабайцев И. В., Акинин Н. И., Кузнецов О. В., Булхов Н. Н.
Sprache:Russisch
Veröffentlicht: 2004
Schriftenreihe:Конференция по промышленной безопасности и охране труда в Московском государственном институте стали и сплавов (технологическом университете)
Schlagworte:
Format: Buchkapitel
KOHA link:https://koha.lib.tpu.ru/cgi-bin/koha/opac-detail.pl?biblionumber=393221

MARC

LEADER 00000naa2a2200000 4500
001 393221
005 20231101064354.0
035 |a (RuTPU)RU\TPU\prd\29160 
090 |a 393221 
100 |a 20041026a2004 k y0rusy50 ca 
101 0 |a rus 
102 |a RU 
200 1 |a Оценка давления в ударных волнах, образующихся при промышленных взрывах  |f И. В. Бабайцев, Н. И. Акинин, О. В. Кузнецов, Н. Н. Булхов 
225 1 |a Конференция по промышленной безопасности и охране труда в Московском государственном институте стали и сплавов (технологическом университете) 
320 |a Библиогр.: 2 назв. 
461 1 |0 (RuTPU)RU\TPU\prd\1137  |t Безопасность жизнедеятельности  |o научно-практический и учебно-методический журнал  |d 2001- 
463 1 |0 (RuTPU)RU\TPU\prd\26737  |t № 5  |v С. 24-26  |d 2004 
610 1 |a промышленные взрывы 
610 1 |a оценка давления 
610 1 |a ударные волны 
610 1 |a тротиловый эквивалент 
675 |a 658.382:669:721  |v 3 
701 1 |a Бабайцев  |b И. В. 
701 1 |a Акинин  |b Н. И. 
701 1 |a Кузнецов  |b О. В. 
701 1 |a Булхов  |b Н. Н. 
801 1 |a RU  |b 63413507  |c 20041026  |g PSBO 
942 |c BK